000 01731nam a2200301Ia 4500
999 _c46203
_d46203
001 13036
003 GE_BSU
005 20240710171415.0
008 181216s2014||||ge |||||||||||||| ||geo||
020 _a9789941451621
040 _cGE_BSU
041 _ageo
080 _a321.7 გ-79
100 _aგრებერი, დევიდ
_922796
245 _aდემოკრატიის პროექტი :
_bისტორია, კრიზისი, მოძრაობა = The democracy project : a history, a crisis, a movement /
_c დევიდ გრებერი ; მთარგმნ. თეა მარგველაშვილი ; რედ. ნათია მენაბდე.
264 _aთბილისი :
_bსაუნჯე,
_c2014.
300 _a361გვ. ;
_c21 სმ.
490 _aრადარამის წიგნები
_v13
500 _aყუაზე : [წ.] 13 გამოცემულია ფონდ "ღია საზოგადოება - საქართველოს" ფინანსური მხარდაჭერით.
500 _aგამოცემულია ფონდ "ღია საზოგადოება - საქართველოს" ფინანსური მხარდაჭერით
653 _aდემოკრატია
653 _aისტორია
653 _aკრიზისი
653 _aმოძრაობა
700 _aმარგველაშვილი, თეა
_eმთარგმნელი
_922797
700 _aმენაბდე, ნათია
_eრედაქტორი
_922798
942 _cBK
_2udc